[Event "Windsor NAYCC U10"]
[Site "Windsor"]
[Date "2016.08.08"]
[Round "3.146"]
[White "Yuan, Kevin"]
[Black "Marcelloni, Jacob"]
[Result "1-0"]
[WhiteElo "975"]
[BlackElo "786"]
[PlyCount "65"]
[EventDate "2016.08.07"]
[EventType "swiss"]
[EventRounds "9"]
[EventCountry "CAN"]
[SourceTitle "EXT 2022"]
[Source "ChessBase"]
[SourceDate "2021.10.06"]
[SourceVersion "1"]
[SourceVersionDate "2021.10.06"]
[SourceQuality "1"]

1. e4 c5 2. Nf3 Nc6 3. Bb5 Na5 4. d4 a6 5. Be2 e6 6. 0-0 Nf6 7. e5 Nd5 8. c4 Nb4 9. Be3 b6 10. d5 Be7 11. a3 Nxd5 12. cxd5 0-0 13. d6 Bh4 14. g3 Bxg3 15. fxg3 Bb7 16. Bd2 Bd5 17. Bxa5 bxa5 18. Nc3 Bc6 19. Qc2 Qb6 20. Kg2 Rab8 21. Rab1 Bxf3+ 22. Rxf3 Rfc8 23. Qe4 c4 24. Bxc4 Rc6 25. Qf4 f5 26. exf6 gxf6 27. Qxf6 Qd8 28. Qf7+ Kh8 29. Qf4 Kg7 30. Rf2 Rbc8 31. Bd3 h5 32. Qf7+ Kh8 33. Qh7# 1-0